RRIMFLOW short-cut systems: Techniques to increase tapper and land productivity (Record no. 67378)

MARC details
000 -LEADER
fixed length control field 00514nam a2200145Ia 4500
100 ## - MAIN ENTRY--AUTHOR NAME
Personal name Sivakumaran S
245 #0 - TITLE STATEMENT
Title RRIMFLOW short-cut systems: Techniques to increase tapper and land productivity
260 ## - PUBLICATION, DISTRIBUTION, ETC. (IMPRINT)
Name of publisher In: Ensuring sustainability and competitiveness of the NR industry: Proceedings of the RRIM Rubber Growers Conference, Kuala Lumpur, 1995; p73-106
650 ## - SUBJECT ADDED ENTRY--TOPICAL TERM
Topical Term RRIMFLOW
700 ## - ADDED ENTRY--PERSONAL NAME
Personal name Kewi C
700 ## - ADDED ENTRY--PERSONAL NAME
Personal name Nayagam J
700 ## - ADDED ENTRY--PERSONAL NAME
Personal name Wan Y H
942 ## - ADDED ENTRY ELEMENTS (KOHA)
Koha item type Journals
Holdings
Withdrawn status Lost status Damaged status Not for loan Home library Current library Shelving location Date acquired Koha item type
      Journals RRII Library RRII Library Physiology 17/12/2021 Journals